<?xml version="1.0" encoding="UTF-8"?>
<collection xmlns="http://www.loc.gov/MARC21/slim">
 <record>
  <leader>00428pamaa2200157   4500</leader>
  <controlfield tag="001">0000020739</controlfield>
  <controlfield tag="005">20061227090000.0</controlfield>
  <datafield tag="020" ind1="0" ind2="0">
   <subfield code="a">1853813389 </subfield>
  </datafield>
  <datafield tag="082" ind1=" " ind2=" ">
   <subfield code="a">823 ALL 1982</subfield>
  </datafield>
  <datafield tag="090" ind1="0" ind2="0">
   <subfield code="a">PR6051.L54 </subfield>
   <subfield code="b">ALL 1982</subfield>
  </datafield>
  <datafield tag="100" ind1="1" ind2="0">
   <subfield code="a">ALLFREY </subfield>
  </datafield>
  <datafield tag="245" ind1="1" ind2="4">
   <subfield code="a">The orchird house  </subfield>
   <subfield code="c">P.Shand Allfrey ; with a new afterword by Elaine Campbell.</subfield>
  </datafield>
  <datafield tag="260" ind1="0" ind2="0">
   <subfield code="a">London: </subfield>
   <subfield code="b">Virago, </subfield>
   <subfield code="c">1982.</subfield>
  </datafield>
  <datafield tag="300" ind1=" " ind2=" ">
   <subfield code="a">246p.; </subfield>
   <subfield code="c">20cm.</subfield>
  </datafield>
  <datafield tag="650" ind1="0" ind2="0">
   <subfield code="a">Fiction </subfield>
  </datafield>
  <datafield tag="700" ind1="1" ind2="1">
   <subfield code="a">Campbell, </subfield>
   <subfield code="h">Elaine </subfield>
  </datafield>
 </record>
</collection>
